Partes del Cuerpo y Esqueleto - Primera - Estadísticas

Estadísticas generales
  • Esta prueba ha sido intentada 258 veces
    166 desde el último reinicio
  • La puntuación promedio es 7 de 14
Estadísticas de respuestas
Parte en Ingles (traducido) % Correcto
Elbow codo
75%
Eyelash pestaña
75%
Belly Button ombligo
72%
Hip cadera
69%
Eyebrow cejas
66%
Eyelid párpado
50%
Heel talón
47%
Eyeball globo ocular
39%
Blood Vessel vaso sanguíneo
39%
Bladder vejiga
36%
Earlobe lóbulo de la oreja
30%
Calf pantorrilla
24%
Gums encía
23%
Groins ingle
14%
No se encontraron pruebas coincidentes
Distribución de puntuación
Porcentaje de gente con cada puntuación
Porcentaje por número respondido
Historial de tus puntuaciones
No has intentado esta prueba desde el último reinicio